| 000 | 01109cam a22002535a 4500 | ||
|---|---|---|---|
| 001 | 15315370 | ||
| 005 | 20170111130907.0 | ||
| 008 | 080604t2009 njua frb 001 0 eng d | ||
| 020 | _a0132350882 | ||
| 020 | _a9780132350884 | ||
| 040 |
_aDLC _cDLC _dDLC _dEG-ScBUE _beng |
||
| 082 | 0 | 4 |
_222 _a005.1 _bCLE |
| 245 | 0 | 0 |
_aClean code : _ba handbook of agile software craftsmanship / _cRobert C. Martin ... [et al.] |
| 260 |
_aUpper Saddle River : _bPrentice Hall, _cc.2009. |
||
| 300 |
_axxix, 431 p. : _bill. ; _c24 cm. |
||
| 504 | _aIncludes bibliographical references and index. | ||
| 505 | 0 | _aClean code -- Meaningful names -- Functions -- Comments -- Formatting -- Objects and data structures -- Error handling -- Boundaries -- Unit tests -- Classes -- Systems -- Emergence -- Concurrency -- Successive refinement -- Junit internals -- Refactoring serialdate -- Smells and heuristics. | |
| 650 | 7 |
_aAgile software development. _2BUEsh _94807 |
|
| 650 | 7 |
_aComputer software _xReliability. _2BUEsh _918120 |
|
| 651 | _2BUEsh | ||
| 653 |
_bCOMSCI _cJanuary2017 |
||
| 700 | 1 | _aMartin, Robert C. | |
| 942 | _2ddc | ||
| 999 |
_c23886 _d23858 |
||